Statistics for Who Played These Great Movie Characters?

Click here to take the quiz!

General Stats

  • This quiz has been taken 77 times
  • The average score is 14 of 22

Answer Stats

character movie actor % Correct
Forrest GumpForrest GumpTom Hanks
94%
Travis BickleTaxi DriverRobert DeNiro
90%
Han SoloStar WarsHarrison Ford
89%
Dr Hannibal LecterSilence Of The LambsAnthony Hopkins
89%
Jack TorranceThe ShiningJack Nicholson
87%
Michael CorleoneThe GodfatherAl Pacino
82%
Oskar SchindlerSchindler's ListLiam Neeson
77%
Rick BlaineCasablancaHumphrey Bogart
74%
Terry MalloyOn The WaterfrontMarlon Brando
73%
Atticus FinchTo Kill A MockingbirdGregory Peck
69%
Gordon GekkoWall StreetMichael Douglas
68%
Rhett ButlerGone With The WindClark Gable
66%
Inspector Jacques ClouseauThe Pink PantherPeter Sellers
65%
George BaileyIt's A Wonderful LifeJimmy Stewart
63%
Jimmy "Popeye" DoyleThe French ConnectionGene Hackman
52%
Ratso RizzoMidnight CowboyDustin Hoffman
48%
Virgil TibbsIn The Heat Of The NightSidney Poitier
47%
Norman BatesPsychoAnthony Perkins
47%
AlexA Clockwork OrangeMalcolm McDowell
42%
Ethan EdwardsThe SearchersJohn Wayne
40%
Marshal Will KaneHigh NoonGary Cooper
40%
Reverend Harry PowellThe Night Of The HunterRobert Mitchum
16%

Score Distribution

Percentile by Number Answered

Percent of People with Each Score

Your Score History

You have not taken this quiz